| 000 | 005240000a22001690004500 | ||
|---|---|---|---|
| 003 | MACL | ||
| 005 | 20160226120257.0 | ||
| 008 | 160226b xxu||||| |||| 00| 0 eng d | ||
| 040 |
_aMACL _cMACL |
||
| 041 | _aHindi | ||
| 082 | _a800/PAT | ||
| 100 |
_aपटेल मणिबहन _940550 |
||
| 245 |
_aसरदार वल्लभभाअीके नाम _b2 |
||
| 260 |
_bनवजीवन प्रकाशन _c1952 _aअहमदाबाद |
||
| 650 |
_aLitaracuture _940551 |
||
| 942 |
_cHIN _k800 _2ddc |
||
| 999 |
_c23360 _d23360 |
||